| 000 | 00438nam a22001577a 4500 | ||
|---|---|---|---|
| 008 | 230531b |||||||| |||| 00| 0 eng d | ||
| 040 |
_aNational Science Library _cNational Science Library |
||
| 080 |
_a615.8 _bP1 |
||
| 100 |
_aGupta, L P _910443 |
||
| 245 | _aEssentials of ayurveda | ||
| 260 |
_aDelhi: _bChaukhamba Sanskrit Pratisthan, _c2001 |
||
| 300 | _a32p. | ||
| 650 | _aMedicine | ||
| 653 | _aDiseases | ||
| 942 |
_2udc _cBK |
||
| 999 |
_c37077 _d37077 |
||